| 000 | 00479nam a22001817a 4500 | ||
|---|---|---|---|
| 003 | OSt | ||
| 005 | 20180116183050.0 | ||
| 008 | 160812b xxu||||| |||| 00| 0 eng d | ||
| 020 | _a0750617861 | ||
| 040 | _c0 | ||
| 082 | _a658.155 WAR 1989 | ||
| 100 | _aWard, Keith | ||
| 245 |
_aFinancial Aspects of Marketing _cKeith Ward |
||
| 260 |
_aSingapore _bButterworh-Heinemann Asia _c1989 |
||
| 300 |
_a434 p. _bPB |
||
| 440 | _aFinancial Aspects of Marketing | ||
| 942 |
_2ddc _cBK |
||
| 999 |
_c351618 _d351618 |
||